|
|
|
|
| LEADER |
00000nam a22000007a 4500 |
| 005 |
20130219182116.0 |
| 007 |
cr|||| |||| |
| 008 |
130219e2012 sp |||||s|||| 00||0 spa d |
| 020 |
|
|
|a 978-84-9982-834-3
|
| 035 |
|
|
|a 6968
|
| 040 |
|
|
|a vLex
|
| 090 |
|
|
|c 3691
|d 3691
|
| 100 |
1 |
0 |
|a Mendizb̀al Allende, Rafael de
|
| 245 |
1 |
3 |
|a La guerra de los Jueces. Tribunal Supremo vs. Tribunal Constitucional
|h [Recurso electrn̤ico]
|
| 256 |
|
|
|a Servicio en ln̕ea
|
| 260 |
|
|
|a Madrid :
|b Dykinson,
|c 2012
|
| 300 |
|
|
|a 1 Recurso electrn̤ico
|
| 650 |
0 |
4 |
|a Organizacin̤ judicial
|z Espaą
|
| 740 |
|
|
|a vLex Libros (Servicio en ln̕ea)
|
| 856 |
|
|
|a Acceso restringido
|u http://www.vlex.com/source/6968
|
| 942 |
|
|
|c BOOK
|
| 999 |
|
0 |
|a Law
|